All First Level Subdivision Capitals of Afghanistan - Statistics

General Stats
  • This quiz has been taken 7 times
  • The average score is 8 of 34
Answer Stats
Answer % Correct
Kabul
100%
Kandahar
67%
Herat
50%
Ghazni
33%
Kunduz
33%
Lashkargah
33%
Mazar-i-Sharif
33%
Tarinkot
33%
Asadabad
17%
Bamyan
17%
Bazarak
17%
Chaghcharan
17%
Charikar
17%
Farah
17%
Fayzabad
17%
Gardez
17%
Jalalabad
17%
Khost
17%
Mahmud-i-Raqi
17%
Maidan Shar
17%
Nili
17%
Parun
17%
Pul-i-Alam
17%
Puli Khumri
17%
Qala i Naw
17%
Qalat
17%
Samangan
17%
Sar-e Pol
17%
Sharana
17%
Sheberghan
17%
Taloqan
17%
Zaranj
17%
Maymana
0%
Mihtarlam
0%
No matching quizzes found
Score Distribution
Percent of People with Each Score
Percentile by Number Answered
Your Score History
You have not taken this quiz